[Event "HUN-chT2 Breyer 1819"]
[Site "Hungary"]
[Date "2019.03.10"]
[Round "7.4"]
[White "Juhasz, Adam"]
[Black "Simonics, Peter"]
[Result "1/2-1/2"]
[WhiteElo "1856"]
[BlackElo "1962"]
[PlyCount "62"]
[EventDate "2018.10.28"]
[EventType "team-tourn"]
[EventRounds "9"]
[EventCountry "HUN"]
[SourceTitle "EXT 2021"]
[Source "ChessBase"]
[SourceDate "2020.10.23"]
[SourceVersion "1"]
[SourceVersionDate "2020.10.23"]
[SourceQuality "1"]
[WhiteTeam "Zsambek"]
[BlackTeam "Paty"]
[WhiteTeamCountry "HUN"]
[BlackTeamCountry "HUN"]

1. Nf3 Nf6 2. b3 g6 3. Bb2 Bg7 4. g3 d6 5. Bg2 e5 6. d3 0-0 7. 0-0 a5 8. c4 c6 9. Nc3 Re8 10. e4 Nbd7 11. Ne1 Nf8 12. Nc2 g5 13. Qd2 h6 14. d4 Ng6 15. Rad1 Bg4 16. f3 Bd7 17. dxe5 dxe5 18. c5 Bf8 19. Na4 b5 20. cxb6 c5 21. Qe2 Qb8 22. Nc3 Qxb6 23. Ne3 c4 24. Kh1 cxb3 25. Ned5 Nxd5 26. Nxd5 Bb5 27. Nxb6 Bxe2 28. Nxa8 Bxf1 29. Bxf1 Rxa8 30. axb3 a4 31. bxa4 Rxa4 1/2-1/2

[Event "HUN-chT U18"]
[Site "Zalakaros"]
[Date "2018.07.26"]
[Round "1.4"]
[White "Pribelszky, Bence"]
[Black "Juhasz, Adam"]
[Result "1-0"]
[WhiteElo "2206"]
[BlackElo "1929"]
[PlyCount "59"]
[EventDate "2018.07.26"]
[EventType "team-swiss"]
[EventRounds "7"]
[EventCountry "HUN"]
[SourceTitle "CBM 185 Extra"]
[Source "ChessBase"]
[SourceDate "2018.07.29"]
[SourceVersion "1"]
[SourceVersionDate "2018.07.29"]
[SourceQuality "1"]
[WhiteTeam "Miskolc KisBocsok"]
[BlackTeam "Zsambek"]
[WhiteTeamCountry "HUN"]
[BlackTeamCountry "HUN"]

1. e4 b6 2. d4 Bb7 3. Bd3 e6 4. Nf3 Nf6 5. Qe2 d5 6. e5 Ne4 7. 0-0 Be7 8. c4 c5 9. cxd5 exd5 10. Nc3 Nxc3 11. bxc3 0-0 12. h4 Nc6 13. Ng5 h6 14. Qh5 cxd4 15. e6 Ne5 16. Nxf7 Rxf7 17. exf7+ Nxf7 18. cxd4 Bf6 19. Bb2 Bxh4 20. Qg6 Be7 21. Rfe1 Ng5 22. Bc1 Qf8 23. Bxg5 Bxg5 24. Qh7+ Kf7 25. Re5 Qd6 26. Rae1 Bc8 27. Re8 Bf4 28. Qg8+ Kf6 29. Rxc8 Rxc8 30. Qxc8 1-0

[Event "HUN-chT2 Breyer 1718"]
[Site "Hungary"]
[Date "2018.03.25"]
[Round "10.9"]
[White "Juhasz, Adam"]
[Black "Kende, Gyorgy"]
[Result "1/2-1/2"]
[WhiteElo "1781"]
[BlackElo "2077"]
[PlyCount "81"]
[EventDate "2017.09.24"]
[EventType "team-tourn"]
[EventRounds "11"]
[EventCountry "HUN"]
[SourceTitle "EXT 2021"]
[Source "ChessBase"]
[SourceDate "2020.10.23"]
[SourceVersion "1"]
[SourceVersionDate "2020.10.23"]
[SourceQuality "1"]
[WhiteTeam "Zsambek"]
[BlackTeam "Biatorbagy"]
[WhiteTeamCountry "HUN"]
[BlackTeamCountry "HUN"]

1. d4 Nf6 2. Nf3 c5 3. c3 b6 4. Bf4 g6 5. e3 Bg7 6. Bd3 0-0 7. 0-0 Bb7 8. Nbd2 Nc6 9. e4 cxd4 10. Nxd4 d6 11. Nxc6 Bxc6 12. Qe2 Qd7 13. Nc4 Qb7 14. f3 Rad8 15. Ne3 Rfe8 16. Ba6 Qa8 17. Rad1 Nh5 18. Bg3 Nxg3 19. hxg3 Be5 20. Nd5 Qb8 21. f4 Bg7 22. Bc4 e6 23. Nb4 Ba4 24. Rd2 a5 25. Nc2 d5 26. Bd3 Bc6 27. Nd4 Bxd4+ 28. cxd4 dxe4 29. Bxe4 Qb7 30. Bxc6 Qxc6 31. Rfd1 Rd5 32. Qe3 h5 33. a3 Rc8 34. Qd3 Qd6 35. Qe4 Rc4 36. Rd3 Qc6 37. R3d2 Rc1 38. Qe1 Rxd1 39. Qxd1 Qc4 40. Kf2 Kg7 41. Qe1 1/2-1/2

[Event "HUN-chT2 Breyer 1718"]
[Site "Hungary"]
[Date "2018.02.18"]
[Round "8.9"]
[White "Juhasz, Adam"]
[Black "Szucs, Janos"]
[Result "1-0"]
[WhiteElo "1781"]
[BlackElo "1682"]
[PlyCount "61"]
[EventDate "2017.09.24"]
[EventType "team-tourn"]
[EventRounds "11"]
[EventCountry "HUN"]
[SourceTitle "EXT 2021"]
[Source "ChessBase"]
[SourceDate "2020.10.23"]
[SourceVersion "1"]
[SourceVersionDate "2020.10.23"]
[SourceQuality "1"]
[WhiteTeam "Zsambek"]
[BlackTeam "Nyergesujfalu"]
[WhiteTeamCountry "HUN"]
[BlackTeamCountry "HUN"]

1. d4 d5 2. c4 Nf6 3. cxd5 Nxd5 4. e4 Nb6 5. Nc3 e6 6. Nf3 c5 7. Be3 cxd4 8. Nxd4 Be7 9. Be2 0-0 10. 0-0 Bd7 11. Qb3 Bc6 12. Nxc6 bxc6 13. Rfd1 Qc7 14. Rac1 Rd8 15. Rxd8+ Qxd8 16. Na4 Nxa4 17. Qxa4 h6 18. f4 c5 19. Rd1 Qc8 20. e5 Nc6 21. Bf3 Nd4 22. Bxd4 cxd4 23. Bxa8 Qxa8 24. Qxd4 Qb8 25. Kh1 Qb5 26. a4 Qe2 27. Qd2 Qe4 28. b3 h5 29. Rc1 h4 30. Rc8+ Bf8 31. Rxf8+ 1-0

[Event "HUN-chT2 Breyer 1415"]
[Site "Hungary"]
[Date "2014.11.30"]
[Round "5.12"]
[White "Farkas, Balint"]
[Black "Juhasz, Adam"]
[Result "1/2-1/2"]
[WhiteElo "1988"]
[BlackElo "1468"]
[PlyCount "49"]
[EventDate "2014.09.07"]
[EventType "team-tourn"]
[EventRounds "11"]
[EventCountry "HUN"]
[SourceTitle "EXT 2016"]
[Source "ChessBase"]
[SourceDate "2015.10.08"]
[SourceVersion "1"]
[SourceVersionDate "2015.10.08"]
[SourceQuality "1"]
[WhiteTeam "Geniusz Tata"]
[BlackTeam "Zsambek"]
[WhiteTeamCountry "HUN"]
[BlackTeamCountry "HUN"]

1. d4 Nf6 2. Nf3 g6 3. g3 Bg7 4. Bg2 d5 5. 0-0 0-0 6. Bf4 Bf5 7. Nbd2 Nbd7 8. c3 c6 9. Re1 Re8 10. Ne5 Nxe5 11. Bxe5 Qc8 12. Bxf6 Bxf6 13. e4 dxe4 14. Nxe4 Bxe4 15. Rxe4 Qd7 16. Qe2 e6 17. Re1 Rac8 18. Bh3 Qd6 19. Rd1 Rcd8 20. Bg4 Re7 21. Qc4 Qd5 22. Qxd5 exd5 23. Rxe7 Bxe7 24. Re1 Kf8 25. Kf1 1/2-1/2